000 00496 a2200181 4500
003 OSt
005 20231207105123.0
008 231207b |||||||| |||| 00| 0 eng d
020 _a9788122613384
040 _coclc
082 _a894.8123
_bJOS/M
100 _a Joseph, Sarah
_95650
245 _aMattathi /
_cSarah Joseph
250 _a15th ed.
260 _aThrissur:
_bCurrent Books,
_c2022.
300 _a216p.
942 _2ddc
_cBK
_h894.8123
_iJOS/M
_k894.8123
_mJOS/M
999 _c44024
_d44024